[Event "Oberpfalz-ch M1"]
[Site "Kelheim"]
[Date "2009.04.07"]
[Round "7"]
[White "Dirmeier, Carolin"]
[Black "Schindler, Gernot"]
[Result "1/2-1/2"]
[WhiteElo "2019"]
[BlackElo "2050"]
[PlyCount "25"]
[EventDate "2009.04.04"]
[EventType "swiss"]
[EventRounds "8"]
[EventCountry "GER"]
[SourceTitle "EXT 2022"]
[Source "ChessBase"]
[SourceDate "2021.10.06"]
[SourceVersion "1"]
[SourceVersionDate "2021.10.06"]
[SourceQuality "1"]

1. e4 g6 2. d4 Bg7 3. Nf3 d6 4. Nc3 Nf6 5. Bf4 c6 6. Bd3 0-0 7. 0-0 b5 8. Qd2 Nbd7 9. Rfe1 Nb6 10. b3 Re8 11. Rad1 Nh5 12. Be3 Bg4 13. Be2 1/2-1/2

[Event "Oberpfalz-ch M1"]
[Site "Kelheim"]
[Date "2009.04.07"]
[Round "8"]
[White "Schindler, Gernot"]
[Black "Riedl, Maximilian"]
[Result "1-0"]
[WhiteElo "2050"]
[BlackElo "2055"]
[PlyCount "87"]
[EventDate "2009.04.04"]
[EventType "swiss"]
[EventRounds "8"]
[EventCountry "GER"]
[SourceTitle "EXT 2022"]
[Source "ChessBase"]
[SourceDate "2021.10.06"]
[SourceVersion "1"]
[SourceVersionDate "2021.10.06"]
[SourceQuality "1"]

1. Nf3 Nf6 2. g3 d5 3. Bg2 e6 4. d3 Be7 5. 0-0 0-0 6. b3 Nbd7 7. Bb2 Rb8 8. Nbd2 c5 9. e4 d4 10. a4 b6 11. h3 Bb7 12. Qe2 Qc7 13. Nh2 e5 14. f4 exf4 15. gxf4 g6 16. Ng4 Nh5 17. Qf2 Ndf6 18. Nc4 Bc8 19. Qf3 Bxg4 20. hxg4 Ng7 21. Bc1 h5 22. g5 Ng4 23. Bh3 f5 24. gxf6 Nxf6 25. Ne5 g5 26. fxg5 Ng4 27. Nxg4 Rxf3 28. Nh6+ Kh8 29. Rxf3 Rf8 30. Bf5 Bd6 31. g6 Qe7 32. Nf7+ Rxf7 33. gxf7 Qh4 34. Bf4 Bf8 35. Raf1 Qf6 36. Rg3 Nxf5 37. exf5 Qxf7 38. Be5+ Kh7 39. Rg6 Bh6 40. Rc6 Be3+ 41. Kh2 Qd5 42. Re6 h4 43. Re7+ Kg8 44. f6 1-0

[Event "Landesliga Nord 0607"]
[Site "Bayern"]
[Date "2007.02.25"]
[Round "6.7"]
[White "Bildt, Thomas"]
[Black "Schindler, Gernot"]
[Result "1/2-1/2"]
[WhiteElo "1984"]
[BlackElo "2001"]
[PlyCount "71"]
[EventDate "2006.10.15"]
[EventType "team-tourn"]
[EventRounds "9"]
[EventCountry "GER"]
[SourceTitle "EXT 2008"]
[Source "ChessBase"]
[SourceDate "2007.11.25"]
[SourceVersion "1"]
[SourceVersionDate "2007.11.25"]
[SourceQuality "1"]
[WhiteTeam "Zirndorf"]
[BlackTeam "Kelheim"]
[WhiteTeamCountry "GER"]
[BlackTeamCountry "GER"]

1. e4 c6 2. d4 d5 3. Nc3 dxe4 4. Nxe4 Nd7 5. Ne2 Ngf6 6. N2g3 e6 7. Bf4 Nxe4 8. Nxe4 Nf6 9. Nxf6+ Qxf6 10. Qd2 Qd8 11. Be5 f6 12. Bg3 Bd6 13. Bc4 Qe7 14. 0-0 Bd7 15. Rfe1 Bxg3 16. hxg3 0-0-0 17. Re3 Qd6 18. Rae1 Rhe8 19. Ra3 Kb8 20. Qf4 e5 21. dxe5 Rxe5 22. Rxe5 Qxe5 23. Qxe5+ fxe5 24. Re3 Re8 25. Bd3 g6 26. f4 exf4 27. Rxe8+ Bxe8 28. gxf4 Kc7 29. Kf2 Kd6 30. g4 h6 31. g5 hxg5 32. fxg5 Ke5 33. Ke3 Bf7 34. a3 Be8 35. b4 b6 36. c3 1/2-1/2

[Event "Oberliga Bayern 0405"]
[Site "Bayern"]
[Date "2005.04.10"]
[Round "9.7"]
[White "Maurer, Jochen"]
[Black "Schindler, Gernot"]
[Result "1/2-1/2"]
[WhiteElo "2108"]
[BlackElo "2046"]
[PlyCount "28"]
[EventDate "2004.10.24"]
[EventType "team-tourn"]
[EventRounds "9"]
[EventCountry "GER"]
[SourceTitle "EXT 2020"]
[Source "ChessBase"]
[SourceDate "2019.10.17"]
[SourceVersion "1"]
[SourceVersionDate "2019.10.17"]
[SourceQuality "1"]
[WhiteTeam "Pang/Rosenheim"]
[BlackTeam "Kelheim SC"]
[WhiteTeamCountry "GER"]
[BlackTeamCountry "GER"]

1. e4 c6 2. d4 d5 3. e5 Bf5 4. Nf3 e6 5. Be2 Nd7 6. 0-0 Ne7 7. Nh4 Bg6 8. Nxg6 Nxg6 9. f4 Qb6 10. c3 Be7 11. Nd2 0-0 12. Qb3 c5 13. f5 exf5 14. Qxb6 Nxb6 1/2-1/2

[Event "Oberliga Bayern 0405"]
[Site "Bayern"]
[Date "2005.02.13"]
[Round "7.7"]
[White "Fiedler, Wolfgang"]
[Black "Schindler, Gernot"]
[Result "1-0"]
[WhiteElo "1964"]
[BlackElo "2046"]
[PlyCount "77"]
[EventDate "2004.10.24"]
[EventType "team-tourn"]
[EventRounds "9"]
[EventCountry "GER"]
[SourceTitle "EXT 2020"]
[Source "ChessBase"]
[SourceDate "2019.10.17"]
[SourceVersion "1"]
[SourceVersionDate "2019.10.17"]
[SourceQuality "1"]
[WhiteTeam "Forchheim SC II"]
[BlackTeam "Kelheim SC"]
[WhiteTeamCountry "GER"]
[BlackTeamCountry "GER"]

1. f4 d5 2. Nf3 g6 3. d4 Bg7 4. e3 Nf6 5. Ne5 0-0 6. Nd2 Nbd7 7. Nxd7 Bxd7 8. Be2 c5 9. c3 Qc7 10. 0-0 Rac8 11. Nf3 Ne4 12. Ne5 Be6 13. g4 f6 14. Nd3 c4 15. Nf2 Nxf2 16. Rxf2 f5 17. g5 h6 18. gxh6 Bxh6 19. Rg2 Kf7 20. h4 Rg8 21. Bd2 Rg7 22. Kf2 Rcg8 23. Qc2 Kf8 24. Rag1 Bf7 25. h5 e6 26. hxg6 Rxg6 27. Rxg6 Bxg6 28. Bf3 Qf7 29. Qa4 a6 30. Be1 Bg7 31. Qb4+ Ke8 32. Qd6 Bf6 33. Ke2 Qd7 34. Qxd7+ Kxd7 35. Rh1 Ke8 36. Bh4 Bg7 37. Bg5 Kf7 38. b3 cxb3 39. axb3 1-0

[Event "Regionalliga SO 9495"]
[Site "Bayern"]
[Date "1995.??.??"]
[Round "?.3"]
[White "Binder, Karl Heinz"]
[Black "Schindler, Gernot"]
[Result "0-1"]
[WhiteElo "2050"]
[BlackElo "2105"]
[PlyCount "62"]
[EventDate "1994.10.??"]
[EventType "team-tourn"]
[EventRounds "9"]
[EventCountry "GER"]
[SourceTitle "EXT 1999"]
[Source "ChessBase"]
[SourceDate "1998.11.16"]
[SourceVersion "1"]
[SourceVersionDate "1998.11.16"]
[SourceQuality "1"]
[WhiteTeam "Waldkirchen TSV"]
[BlackTeam "Pang/Rosenheim II"]
[WhiteTeamCountry "GER"]
[BlackTeamCountry "GER"]

1. c4 f5 2. Nf3 Nf6 3. Nc3 d6 4. d4 g6 5. b3 Bg7 6. Bb2 c6 7. g3 0-0 8. Bg2 Qc7 9. 0-0 e5 10. dxe5 dxe5 11. Qc2 e4 12. Nd4 Na6 13. a3 Nc5 14. b4 Ne6 15. Nb3 Ng4 16. Nd1 Ne5 17. Ne3 g5 18. Nxf5 Rxf5 19. Bxe4 Rf8 20. Bxh7+ Kh8 21. Be4 g4 22. f4 gxf3 23. exf3 Ng5 24. f4 Nxe4 25. fxe5 Ng5 26. Rxf8+ Bxf8 27. Qg6 Qg7 28. Qe8 Kg8 29. Rf1 Nh3+ 30. Kh1 Bf5 31. Rxf5 Rxe8 0-1